000 00359nam a2200145Ia 4500
005 20251222143244.0
008 251222s9999||||xx |||||||||||||| ||spa||
020 _a970-686-053-3
082 _a658.848/T41
100 _aTerpstra, Vern
245 0 _aIntroducción de la Mercadotecnia Internacional
250 _a4a. ed.
264 _bThomson
942 _cLIB
999 _c14680
_d14680